Computer organization /

Enregistré dans:
Détails bibliographiques
Auteurs principaux: Hamacher, V.Carl (Auteur), Vranesic, Zvonko G (Auteur), Zaky, Safwat G (Auteur)
Format: Livre
Langue:anglais
Publié: Aucland : McGraw-Hill, 1984
Édition:2.ed.
Sujets:
Tags: Ajouter un tag
Pas de tags, Soyez le premier à ajouter un tag!

MARC

LEADER 00000nam a22000003a 4500
001 stu3605
005 20150617225814.1
008 930419s1984----xxu-----------------eng-d
040 |a STU  |b slo 
041 0 |a eng 
044 |a xxu 
080 |a 681.32.02  |7 stu_us_auth*stu8293 
084 |a C5000  |2 INS 
100 1 |a Hamacher, V.Carl  |4 aut 
245 1 |a Computer organization /  |c [aut.] Hamacher,V.C.; Vranesic,Z.G.; Zaky,S.G 
250 |a 2.ed. 
260 |a Aucland :  |b McGraw-Hill,  |c 1984 
300 |a 589 s 
650 7 |a počítače  |2 stusub 
650 7 |a hardware  |2 estusub 
650 7 |a počítačové systémy  |2 stusub 
700 1 |a Vranesic, Zvonko G  |4 aut 
700 1 |a Zaky, Safwat G  |4 aut 
996 |c I*7PS4027  |l I  |s A  |a 24  |w stu3605_0001